[Event "Duesseldorf Nord Cup 2nd"]
[Site "Duesseldorf"]
[Date "1996.??.??"]
[Round "1"]
[White "Villalbo Ferrando, R."]
[Black "Guerra, Franklin"]
[Result "1-0"]
[WhiteElo "2245"]
[BlackElo "1780"]
[PlyCount "120"]
[EventDate "1996.??.??"]
[EventType "swiss"]
[EventRounds "7"]
[EventCountry "GER"]
[SourceTitle "EXT 1999"]
[Source "ChessBase"]
[SourceDate "1998.11.16"]
[SourceVersion "1"]
[SourceVersionDate "1998.11.16"]
[SourceQuality "1"]

1. Nf3 Nf6 2. g3 e6 3. Bg2 Be7 4. Nc3 d5 5. d4 Nbd7 6. Bf4 Nh5 7. Bd2 Nhf6 8. h3 a6 9. 0-0 Ne4 10. Ne5 Nxd2 11. Qxd2 Nf6 12. Rfe1 Bb4 13. Qg5 0-0 14. Qe3 Ne8 15. a3 Be7 16. f4 Bf6 17. Rf1 Nd6 18. b3 Nf5 19. Qd3 Nd6 20. Rf3 g6 21. Kf2 Bd7 22. Rh1 Bb5 23. Nxb5 axb5 24. b4 Ne4+ 25. Kg1 c6 26. h4 Bg7 27. Re3 f6 28. Ng4 h5 29. Nf2 f5 30. Nh3 Qf6 31. c3 Rxa3 32. Bxe4 dxe4 33. Qc2 Rfa8 34. Kg2 Qd8 35. Rb1 Bf6 36. Rb3 Qd5 37. Rxa3 Rxa3 38. c4 Qxc4 39. Qxc4 bxc4 40. Rxa3 Bxd4 41. Ra2 Kf8 42. Rc2 b5 43. Nf2 Ke7 44. Nd1 Bb6 45. Ra2 Kd6 46. Ra6 Bd4 47. e3 Bf6 48. Kf2 Kd5 49. Ke2 Be7 50. Nc3+ Kd6 51. Nxb5+ Kd7 52. Ra7+ Ke8 53. Rxe7+ Kxe7 54. Nd4 Kd6 55. Kd2 e5 56. fxe5+ Kxe5 57. Nxc6+ Kd6 58. Nd4 Ke7 59. Kc3 Kf6 60. Kxc4 g5 1-0